| 000 | 00811nam a2200217 a 4500 | ||
|---|---|---|---|
| 001 | 000285642 | ||
| 003 | AM-YeHGA | ||
| 005 | 20250618071855.0 | ||
| 008 | 031119s1984 ai a|||gr|||||||||1|arm|d | ||
| 040 | _aAM-YeHGA | ||
| 041 | 0 | _aarm | |
| 100 | 1 |
_aՄնացականյան, Ռուբեն Հովհաննեսի, _d1935-1981 |
|
| 245 | 1 | 0 |
_aԾաղկաթերթեր : _bԲանաստեղծություններ / _cՌ. Մնացականյան ; Առաջաբ.՝ Լ. Սարգսյան. |
| 260 |
_aԵրևան : _bՍովետական գրող, _c1984. |
||
| 300 |
_a120 էջ : _bնկ. ; _c17 սմ. |
||
| 650 | 1 | 4 | _aՀայ գրականություն |
| 650 | 1 | 4 | _aՀայ պոեզիա |
| 700 | 1 |
_aՍարգսյան, Լիպարիտ Տիգրանի, _d1938-2023 _eառաջաբ. _4aui _91060 |
|
| 942 |
_2udc _cBK |
||
| 090 | _c105987 | ||
| 999 |
_c104666 _d104666 |
||